| 000 | 01331nam a2200373 i 4500 | ||
|---|---|---|---|
| 001 | 9117 | ||
| 003 | KOSZ 005 | ||
| 005 | 20220120121718.0 | ||
| 008 | 070608s1971 pl a f 000 0 pol | ||
| 015 | _aPB 1972/853 | ||
| 040 |
_aWA N _cWA N _dKOSZ 005/RW |
||
| 080 | _a621 | ||
| 080 | _a658.2 | ||
| 100 | 1 |
_aDylewski, Andrzej _eAutor |
|
| 245 | 1 | 0 |
_aŚrodki transportu wewnętrznego w przemyśle maszynowym / _cAndrzej Dylewski, Janusz Arszyłowicz. |
| 260 |
_aWarszawa : _bWydawnictwa Naukowo-Techniczne, _c1971. |
||
| 300 |
_a271, [1] stron : _bilustracje ; _c23 cm. |
||
| 336 |
_aTekst _btxt _2rdacontent |
||
| 337 |
_aBez urządzenia pośredniczącego _bn _2rdamedia |
||
| 338 |
_aWolumin _bnc _2rdacarrier |
||
| 380 | _aKsiążki. | ||
| 500 | _aNa okładce odwrotna kolejność autorów. | ||
| 504 | _aBibliografia na stronach 269-[272]. | ||
| 658 | _aInżynieria i technika | ||
| 658 | _aTransport i logistyka | ||
| 650 | 4 | _aPrzemysł | |
| 650 | 4 | _aTransport wewnętrzny | |
| 650 | 4 | _aUrządzenia | |
| 650 | 4 | _aPrzemysł maszynowy | |
| 700 | 1 |
_aArszyłowicz, Janusz. _eAutor |
|
| 710 | 2 |
_aWydawnictwa Naukowo-Techniczne _4pbl. |
|
| 856 |
_uhttp://koha.tu.koszalin.pl/cgi-bin/koha/opac-detail.pl?biblionumber=9117 _yKatalog online BPK |
||
| 942 |
_2UKD _cKS |
||
| 999 |
_c9117 _d9117 |
||